Obchodná politika OSCR v nových ekonomických podmienkach

Bibliographic Details
Main Author: Šimune, Marián (Author)
Format: Article
Language:Slovak
Subjects:

MARC

LEADER 00000nab a2200000 a 4500
001 vtls000348241
003 SK-MaSNL
005 20260303124902.0
008 111202c1988 xo 0 slo
015 |a SNBRA19rr/mm-uuuuu 
035 |a CL0348363 
040 |a SNKBUCL  |b slo  |c SNKBUCL  |e AACR2 
041 0 |a slo 
044 |a xo  |c SK 
080 |a 338.48(437.6)  |2 1981 
080 |a 338.2(437)  |2 1981 
100 1 |a Šimune, Marián  |4 aut  |9 1142697 
245 1 0 |a Obchodná politika OSCR v nových ekonomických podmienkach  |c Marián Šimune 
650 0 7 |a mechanizmus hospodársky  |2 snkbucl  |9 385380 
650 0 7 |a ruch cestovný  |2 snkbucl  |9 467000 
650 0 7 |a obchodná politika  |2 snkbucl  |9 2326 
655 7 |a články zo zborníkov  |2 snkbucl  |9 166140 
773 0 |t Obchodná politika podnikov cestovného ruchu a reštauračného stravovania v nových ekonomických podmienkach  |d Banská Bystrica : Dom techniky ČSVTS, 1988 
850 |a Slovenská národná knižnica v Martine  |a MTA001 
852 |a SNK  |b KIS3GCP 
958 |a RK 
992 |a RZB 
999 |c 1932012  |d 1933942